Footballeurs par image - Argentine - Statistiques

Statistiques générales
  • Ce quiz a été pris 268 fois
  • Le résultat moyen est 12 sur 16
Statistiques - réponses
Par images Réponse % Correct
Lionel Messi
100%
Diego Maradona
99%
Angel Di Maria
98%
Sergio Agüero
90%
Lautaro Martinez
89%
Rodrigo De Paul
86%
Gonzalo Higuain
85%
Javier Mascherano
83%
Julian Alvarez
83%
Alejandro Garnacho
79%
Nicolás Otamendi
76%
Javier Zanetti
72%
Diego Simeone
59%
Gabriel Batistuta
54%
Alfredo Di Stéfano
36%
Martin Demichelis
0%
Aucun quiz correspondant
Distribution des résultats
% des personnes avec chaque résultat
Percentile par nombre de réponses
Votre historique - résultats
Vous n’avez pas pris ce quiz